000 00982cam a2200277 a 4500
999 _c128351
_d128351
001 1905821
003 ARRUPE
005 20181009115751.0
008 840713s1984 enk b 000 0 eng
010 _a 84185939
020 _a0225664011 (pbk.) :
_c£4.50
040 _aDLC
_cDLC
_dDLC
050 0 0 _aBT481
_b.H498
082 0 0 _a226/.06
_219
100 1 _aHendrickx, Herman.
_935556
245 1 4 _aThe resurrection narratives of the Synoptic Gospels /
_cHerman Hendrickx.
260 _aPhilippines :
_bEast Asian Pastoral Institute,
_c1978.
300 _a159 p. ;
_c22 cm.
600 0 0 _aJesus Christ
_xResurrection
_91524
800 1 _aHendrickx, Herman.
_tStudies in the Synoptic Gospels.
_942840
906 _a7
_bcbc
_corignew
_d3
_encip
_f19
_gy-gencatlg
942 _2lcc
_cMONOGRAPH